书目信息 |
| 题名: |
微观动机与宏观行为
|
|
| 作者: | 谢林 著 ;谢静 , 邓子梁 , 李天有 译 | |
| 分册: | ||
| 出版信息: | 北京 中国人民大学出版社 2013 |
|
| 页数: | 11,230页 | |
| 开本: | 24cm | |
| 丛书名: | ||
| 单 册: | ||
| 中图分类: | F014.9 | |
| 科图分类: | ||
| 主题词: | 经济行为--研究 , 经济行为 | |
| 电子资源: | ||
| ISBN: | 978-7-300-16249-2 | |
| 000 | 01123nam0 2200301 450 | |
| 001 | 523 | |
| 005 | 20140908143735.71 | |
| 010 | @a978-7-300-16249-2@dCNY35.00 | |
| 100 | @a20130529d2013 em y0chiy50 ea | |
| 101 | 1 | @achi@ceng |
| 102 | @aCN@b110000 | |
| 105 | @ay z 000yy | |
| 106 | @ar | |
| 200 | 1 | @a微观动机与宏观行为@dMicromotives and macrobehavior@f托马斯·C·谢林(Thomas C. Schelling)著@g谢静,邓子梁,李天有译@zeng |
| 210 | @a北京@c中国人民大学出版社@d2013 | |
| 215 | @a11,230页@d24cm | |
| 300 | @a大师细说博弈论 | |
| 330 | @a本书的主题是关于个体动机、行为(或微观动机)与其所带来的总体结果(或宏观行为)之间的相互关系,它不仅探讨个体行为所导致的令人惊奇的宏观结果,也讨论宏观中所蕴涵的个体动机或行为,以及是否可能从观察到宏观行为中推论出微观动机。 | |
| 510 | 1 | @aMicromotives and macrobehavior@zeng |
| 606 | 0 | @a经济行为@x研究 |
| 606 | 0 | @a经济行为 |
| 690 | @aF014.9@v5 | |
| 701 | 0 | @c(美)@a谢林@c(Schelling,Thomas Crombie@f1921~)@4著 |
| 702 | 0 | @a谢静@c(经济学)@4译 |
| 702 | 0 | @a邓子梁@4译 |
| 702 | 0 | @a李天有@4译 |
| 801 | 0 | @aCN@bTANGWEI@c20140603 |
| 905 | @b0841004-06@dF014.9@e451@f3 | |
| 微观动机与宏观行为=Micromotives and macrobehavior/托马斯·C·谢林(Thomas C. Schelling)著/谢静,邓子梁,李天有译.-北京:中国人民大学出版社,2013 |
| 11,230页;24cm |
| 大师细说博弈论 |
| ISBN 978-7-300-16249-2:CNY35.00 |
| 本书的主题是关于个体动机、行为(或微观动机)与其所带来的总体结果(或宏观行为)之间的相互关系,它不仅探讨个体行为所导致的令人惊奇的宏观结果,也讨论宏观中所蕴涵的个体动机或行为,以及是否可能从观察到宏观行为中推论出微观动机。 |
| ● |
| 相关链接 |
|
|
|
|
正题名:微观动机与宏观行为
索取号:F014.9/451
 
预约/预借
| 序号 | 登录号 | 条形码 | 馆藏地/架位号 | 状态 | 备注 |
| 1 | 0841004 | 208410049 | 第一样本阅览室/ [索取号:F014.9/451] | 在馆 | |
| 2 | 0841005 | 208410058 | 经管系资料室/ [索取号:F014.9/451] | 在馆 | |
| 3 | 0841006 | 208410067 | 第一借阅区/ [索取号:F014.9/451] | 在馆 |